| 000 | 00751cam a2200241 a 4500 | ||
|---|---|---|---|
| 999 |
_c5459 _d5459 |
||
| 001 | 6307 | ||
| 003 | BD-DhUAP | ||
| 005 | 20201212155534.0 | ||
| 008 | 201212s2002 ii abf b f000 0 eng | ||
| 020 | _a8121905338 | ||
| 040 |
_aBD-DhUAP _cBD-DhUAP _dBD-DhUAP _bEng |
||
| 082 |
_a620.112 KHU _223 |
||
| 100 | _aKhurmi, R. S. | ||
| 245 |
_aStrength of materials : _b(MKS and SI units) / _cR. S. Khurmi. |
||
| 250 | _a22nd rev. & enl. ed. | ||
| 260 |
_aNew Delhi : _bS. Chand & Co. Ltd., _cc2002. |
||
| 300 |
_a765 pages : _billustrations ; _c24 cm. |
||
| 500 | _aIncludes index. | ||
| 650 | _aStrength of materials. | ||
| 650 | _aStrength of materials -- Outlines, syllabi. | ||
| 942 |
_2ddc _cBK |
||